000 00419 a2200157 4500
999 _c6167
_d6167
020 _a9780340809488
050 _aTX551LEA2006
100 _aLean, Michael E.J.
245 _aFox and Cameron's food science, nutrition & health /
_cMichael E.J Lean
250 _a7th ed.
264 _aNew York
_bCRC Press
_c2006
300 _a319p.
500 _aInclude index
650 _aFood science
942 _2lcc
_cBK
_h551
_iLEA
_kTX